logo image

ਮੁਹੱਬਤ (ਨੋਵਾਲ) (Record no. 44324)

MARC details
000 -LEADER
fixed length control field 00466nam a22001817a 4500
003 - CONTROL NUMBER IDENTIFIER
control field OSt
005 - DATE AND TIME OF LATEST TRANSACTION
control field 20260320160053.0
008 - FIXED-LENGTH DATA ELEMENTS--GENERAL INFORMATION
fixed length control field 260320b |||||||| |||| 00| 0 Pun d
020 ## - INTERNATIONAL STANDARD BOOK NUMBER
International Standard Book Number 9788119838950
040 ## - CATALOGING SOURCE
Transcribing agency BGL
082 ## - DEWEY DECIMAL CLASSIFICATION NUMBER
Classification number 891.423 RAI:M
100 ## - MAIN ENTRY--PERSONAL NAME
Personal name ਰੈਨਾ ਬਲਜੀਤ ਸਿੰਘ
245 ## - TITLE STATEMENT
Title ਮੁਹੱਬਤ (ਨੋਵਾਲ)
260 ## - PUBLICATION, DISTRIBUTION, ETC.
Place of publication, distribution, etc. New Delhi
Name of publisher, distributor, etc. Navyug Publication
Date of publication, distribution, etc. 2024
300 ## - PHYSICAL DESCRIPTION
Extent 138p
650 ## - SUBJECT ADDED ENTRY--TOPICAL TERM
Topical term or geographic name entry element Punjabi
942 ## - ADDED ENTRY ELEMENTS (KOHA)
Source of classification or shelving scheme Dewey Decimal Classification
Koha item type GB
Holdings
Withdrawn status Lost status Source of classification or shelving scheme Materials specified (bound volume or other part) Damaged status Not for loan Home library Current library Date acquired Source of acquisition Cost, normal purchase price Discount Net Cost Total Checkouts Full call number Barcode Date last seen Cost, replacement price Price effective from Koha item type
    Dewey Decimal Classification Hard Bound     BGL BGL 18.03.2026 Global Books Distributors : 297 300.00 20% 240   891.423 RAI:M 69613 20.03.2026 300.00 20.03.2026 GB

Powered by Koha